01192nac a22002771i 4500003000900000005001700009008004100026020001500067020001800082040004300100082002200143100004300165245008600208264006200294300005700356336002600413337002800439338002700467504005100494650002900545655001700574942001200591999001500603952014800618952014800766EG-ScBUE20241010114415.0241010s2004 njua f b 001 0 eng d a013035399X a9780130353993 aEG-ScBUEbengerdacEG-ScBUEdEG-ScBUE04a515.2433bGRA2221 aGrafakos, Loukas, eauthor.10aClassical and modern Fourier analysis /cLoukas Grafakos, University of Missouri. 1aUpper Saddle River, N.J. :bPearson/Prentice Hall,c2004. a1 volume (various pagings) :billustrations ;c24 cm 2rdacontentatextbtxt aunmediated2rdamediabn avolumebnc2rdacarrier aIncludes bibliographical references and index. 7aFourier analysis.2BUEsh vReading book cBB2ddc c1265d1265 00102ddc40708BaccahaMAINbMAINc1STd2006-08-30ePurchaseg308.00l0o515.2433 GRAp000003211r2025-07-15 00:00:00v385.00w2006-08-30yBB 00102ddc40708BaccahaMAINbMAINc1STd2006-08-30ePurchaseg308.00l0o515.2433 GRAp000003210r2025-07-15 00:00:00v385.00w2006-08-30yBB